| 000 | 01121nam a2200229Ia 4500 | ||
|---|---|---|---|
| 003 | Ost | ||
| 005 | 20260507075019.0 | ||
| 008 | 260507s9999||||xx |||||||||||||| ||und|| | ||
| 040 | _cfsecg | ||
| 041 | _aara | ||
| 082 | _a346.07 | ||
| 100 |
_aالعكيلي، عزيز _eمؤلف |
||
| 245 | 0 |
_aشرح القانون التجاري : _bالأعمال التجارية-التجار-المتجر-العقود التجارية / _c عزيز العكيلي |
|
| 260 |
_aعمان: _bالدار العلمية الدولية ومكتبة دار الثقافة, _c2001 |
||
| 300 |
_a469 صفحة؛ _c24 سم |
||
| 490 |
_aالمكتبة القانونية _v277 |
||
| 504 | _aببلوغرافيا ص.453 | ||
| 520 | _aالتعريف بالقانون التجاري وموقفه من التقسيم العام للقانون، الأعمال التجارية، التاجر، المتجر، عقد الرهن التجاري، عقد النقل، الوكالة التجارية والوساطة والسمسرة | ||
| 653 | _aالعقود التجارية | ||
| 653 | _aالقانون التجاري | ||
| 942 | _cكتاب | ||
| 999 |
_c42246 _d42246 |
||